La Universidad Católica de Chile en 1954: Año LXVI de la Universidad. El libro anual de los profesores, alumnos, ex-alumnos y amigos de la Universidad Católica
Saved in:
| Format: | Bog |
|---|---|
| Sprog: | spansk |
| Udgivet: |
Santiago
Pontificia Universidad Católica de Chile
1954
|
| Fag: | |
| Tags: |
Tilføj Tag
Ingen Tags, Vær først til at tagge denne postø!
|
MARC
| LEADER | 00000nam a2200000 a 4500 | ||
|---|---|---|---|
| 001 | UCU1111 | ||
| 003 | CL-VaPUC | ||
| 008 | 960329e19540000CL |||||||||||||||||spa|d | ||
| 082 | 0 | 4 | |a 378.83 |b UNI |2 21 |
| 245 | 1 | 3 | |a La Universidad Católica de Chile en 1954: Año LXVI de la Universidad. El libro anual de los profesores, alumnos, ex-alumnos y amigos de la Universidad Católica |
| 300 | |a 424 p | ||
| 942 | |c BK | ||
| 945 | |d 19960329 00:00:00 |a lriquelm | ||
| 260 | |a Santiago |b Pontificia Universidad Católica de Chile |c 1954 | ||
| 600 | 0 | 7 | |a PONTIFICIA UNIVERSIDAD CATOLICA DE CHILE |2 CL-VaPUC |9 314003 |
| 650 | 0 | |a Universidades |9 256317 | |
| 650 | 0 | |a Educación superior |9 223851 | |
| 583 | |a last modification |c 19960329 00:00:00 |k Rodrigo Vera | ||
| 999 | |c 245855 |d 245853 | ||
| 952 | |0 0 |1 0 |4 0 |6 378_830000000000000_UNI_1954 |7 0 |8 P |9 260467 |a BIBEDU |b BIBEDU |c BIBEDU_PB |d 2019-11-19 |i 2008424 |o 378.83 UNI 1954 |p 2008424 |r 2019-11-19 |w 2019-11-19 |y BK |k EDU | ||